| 000 | 00339nam a22001457a 4500 | ||
|---|---|---|---|
| 003 | OSt | ||
| 005 | 20160727222455.0 | ||
| 008 | 160705b xxu||||| |||| 00| 0 eng d | ||
| 040 | _cTEST | ||
| 100 |
_92153 _a Chakravorthy, B.C |
||
| 245 | _aHamlet | ||
| 260 |
_aBareilly _b Prakash Book Depot _c1984 |
||
| 300 | _aHamlet | ||
| 942 |
_2ddc _cBK |
||
| 999 |
_c1845 _d1845 |
||